000 00882 a2200193 4500
003 NUST
005 20251113182635.0
040 _cNust
082 _a621.382,BAK
100 _aBakhtiar, NC Amber (TCC-15A)
_9131902
245 _aBlind equalization for single carrier linear constellations using modified constant modulus algorithm /
_cNC Amber Bakhtiar and NC Ahmad Omer Khan.
260 _aRawalpindi
_bMCS (NUST)
_c2007
300 _a162 p.;
505 _aIntroduction (Page-1), Digital Communication (Page-3), Match Filtering (Page-9), The Wireless Channel (Page-25), Signal to Noise Ratio (Page-41), Adaptive Filters (Page-55), Channel Equalization (Page-82), A Comparison of Equalization Algorithms (Page-111), References (Page-1590.
650 _aUG Projects
_998716
651 _aTCC-15A
_9131903
700 _aSupervised by Col Raja Iqbal
_9131904
942 _cPR
_2ddc
999 _c183639
_d183639